000 00759nam a22002893 4500
999 _c5979
_d5979
001 5979
003 BD-JhCC
005 20180101100259.0
008 931015s1903 enk 000 0
035 _a(BD-JhCC)5979
040 _aBD-JhCC
_dBD-JhCC
041 _aeng
082 _a821.2
_bMIL 1903
100 1 _aMilton, John.
240 1 0 _aminor poems
245 1 4 _aMinor Poems /
_cJohn Milton
260 _aLondon :
_c1903
_bUniversity Tutorial Press Ltd.
300 _ccm.15
_a175 p. :
490 1 _aLittle libr.
650 _aPoems
_vEnglish poetry
690 0 0 _aEnglish poetry
_y1625-1659
_xWorks
_2pre20
700 1 _aBeeching, Henry Charles,
752 _aEngland
_dLondon
830 0 _aLittle libr.
942 _2ddc
_cBK